Movies Quiz

Random Movies or Director Quiz

Female Director Match Quiz Stats

 Plays Quiz not verified by Sporcle

Challenge
Share
Tweet
Score 0/25 Timer 10:00
0 Plays Today
% Correct
Kathryn Bigelow
98.8%
Nora Ephron
94.1%
Sofia Coppola
94.1%
Barbra Streisand
92.9%
Penny Marshall
88.2%
Drew Barrymore
85.9%
Jane Campion
85.9%
Angelina Jolie
85.9%
Ava DuVernay
82.4%
Amy Heckerling
78.8%
Catherine Hardwicke
78.8%
Lisa Cholodenko
70.6%
Mary Harron
68.2%
% Correct
Julie Taymor
68.2%
Patty Jenkins
65.9%
Sarah Polley
64.7%
Natalie Portman
64.7%
Mira Nair
57.6%
Debra Granik
56.5%
Lone Scherfig
56.5%
Lynne Ramsay
52.9%
Niki Caro
51.8%
Sam Taylor-Johnson
49.4%
Tamra Davis
41.2%
Kelly Fremon Craig
37.6%

You're not logged in!

Compare scores with friends on all Sporcle quizzes.
OR
Log In

You Might Also Like...

Show Comments

Extras

Top Quizzes Today


Score Distribution

Your Account Isn't Verified!

In order to create a playlist on Sporcle, you need to verify the email address you used during registration. Go to your Sporcle Settings to finish the process.

Report this User

Report this user for behavior that violates our Community Guidelines.

Details: